Billboard Global 200 number ones of 2023 by lyrics - Statistics

General Stats
  • This quiz has been taken 24 times
  • The average score is 6 of 18
Answer Stats
Hint Answer % Correct
“I don't want a lot for ChristmasThere is just one thing I need” Mariah Carey
100%
“Yeah, bitch, I said what I saidI'd rather be famous instead” Doja Cat
61%
“Will you stay?흘러가는 저 시간” BTS
48%
“Hate to give the satisfaction asking how you're doing nowHow's the castle built off people you pretend to care about?” Olivia Rodrigo
43%
“We were good, we were goldKinda dream that can't be sold” Miley Cyrus
39%
“Me queda 1%Y lo usaré solo para decirte lo mucho que lo siento” Grupo Frontera/Bad Bunny
35%
“Fever dream high in the quiet of the nightYou know that I caught it (Oh yeah, you're right, I want it)” Taylor Swift
35%
“Dime (Ey; dime), dime, ¿esto es lo que tú quería'?Yo soy fino (Uh), esto es trap de galería” Bad Bunny
30%
“Fuck the bitch, I make her sweat, huh, I'ma die by my respect, huhI put a check up on my neck, life check ya in the head” Drake/Yeat
30%
“Baby, dime la verdadSi te olvidaste de mí” Bad Bunny
26%
“Once the flight had flown (Uh-huh)With the wilt of the rose (Uh-huh)” Taylor Swift
22%
“I can't touch you through the phoneOr kiss you through the universe” Jungkook/Jack Harlow
17%
“La que te dijo que un vacío se llena con otra persona te mienteE' como tapar una herida con maquillaje: no se ve, pero se siente” Karol G/Shakira
17%
“I'm still a fan even though I was saltyHate to see you with some other broad, know you happy” SZA
17%
“He said, "Are you serious? I've tried, but I can't figure outI've been next to you all night and still don't know what you're about” Tate McRae
17%
“Compa, ¿qué le parece esa morra?La que anda bailando sola me gusta pa' mí” Eslabon Armado/Peso Pluma
9%
“Play me slowPush up on this funk and give me miracles” Jungkook
9%
“Weight of the world on your shouldersI kiss your waist and ease your mind” Jungkook/Latto
9%
No matching quizzes found
Score Distribution
Percent of People with Each Score
Percentile by Number Answered
Your Score History
You have not taken this quiz